Medical Sociology (Record no. 9446)

MARC details
000 -LEADER
fixed length control field 00520nam a22001937a 4500
003 - CONTROL NUMBER IDENTIFIER
control field OSt
005 - DATE AND TIME OF LATEST TRANSACTION
control field 20241016152014.0
008 - FIXED-LENGTH DATA ELEMENTS--GENERAL INFORMATION
fixed length control field 241016b |||||||| |||| 00| 0 eng d
020 ## - INTERNATIONAL STANDARD BOOK NUMBER
International Standard Book Number 9781119637585
040 ## - CATALOGING SOURCE
Transcribing agency NLM
082 ## - DEWEY DECIMAL CLASSIFICATION NUMBER
Classification number W322 M467c 2021
100 ## - MAIN ENTRY--PERSONAL NAME
Personal name Eidted by Cockerham, William C.
9 (RLIN) 19269
245 ## - TITLE STATEMENT
Title Medical Sociology
260 ## - PUBLICATION, DISTRIBUTION, ETC. (IMPRINT)
Place of publication, distribution, etc. New Jersey; John Wiley, c,2021
300 ## - PHYSICAL DESCRIPTION
Extent xxii,616p; ill: 25cm
504 ## - BIBLIOGRAPHY, ETC. NOTE
Bibliography, etc References, & index included
650 ## - SUBJECT ADDED ENTRY--TOPICAL TERM
Topical term or geographic name as entry element medical sociology
9 (RLIN) 9690
942 ## - ADDED ENTRY ELEMENTS (KOHA)
Source of classification or shelving scheme Other/Generic Classification Scheme
Koha item type Open Shelf
Holdings
Withdrawn status Lost status Source of classification or shelving scheme Damaged status Not for loan Home library Current library Date acquired Source of acquisition Inventory number Total Checkouts Full call number Barcode Date last seen Koha item type
    Other/Generic Classification Scheme     MUST Main Library MUST Main Library 16/10/2024 purchase 24/42295   W322 M467c 2021 2024-22502 16/10/2024 Open Shelf
    Other/Generic Classification Scheme     MUST Main Library MUST Main Library 16/10/2024 purchase 24/42296   W322 M467c 2021 2024-22503 16/10/2024 Open Shelf
    Other/Generic Classification Scheme     MUST Main Library MUST Main Library 16/10/2024 purchase 24/42297   W322 M467c 2021 2024-22504 16/10/2024 Open Shelf